Państwa z największą ilością uniwersytetów. - Statystyki

Ogólne statystyki
  • Ten quiz został rozwiązany 148 razy
    100 od ostatniego zresetowania
  • Średni wynik to 8 z 10
Statystyki odpowiedzi
# Kraj liczba uniwersytetów % Poprawnych
2 Stany Zjednoczone 3216
100%
4 Chiny 2565
99%
1 Indie 5288
95%
8 Rosja 1058
90%
10 Francja 617
84%
7 Japonia 1063
83%
5 Brazylia 1297
82%
6 Meksyk 1173
80%
3 Indonezja 2595
57%
9 Iran 740
51%
Nie znaleziono quizów pasujących do podanych kryteriów
Rozkład punktacji
Procent ludzi z każdym wynikiem
Percentyl według liczby udzielonych odpowiedzi
Twoja historia wyników
Nie rozwiązałeś tego quizu od ostatniego zresetowania